[Event "2017 Oceania Zone 3.6 Zonal Championshi"]
[Site "Auckland NZL"]
[Date "2017.01.15"]
[Round "3.1"]
[White "Smirnov, Anton"]
[Black "Smith, Robert W"]
[Result "1-0"]
[WhiteElo "2519"]
[BlackElo "2238"]
[PlyCount "83"]
[EventDate "2017.01.14"]

1. e4 c5 2. Nf3 d6 3. d4 cxd4 4. Nxd4 Nf6 5. Nc3 a6 6. Be3 e5 7. Nb3 Be6 8. h3
h5 9. Qd2 Nbd7 10. O-O-O Be7 11. Be2 Rc8 12. f4 h4 13. f5 Bc4 14. Bxc4 Rxc4 15.
Qd3 Rc8 16. Kb1 Qc7 17. Rhe1 Qc4 18. Nd2 Qc6 19. Nf3 Nc5 20. Bxc5 Qxc5 21. Qe3
b5 22. Re2 Qxe3 23. Rxe3 Rc5 24. a3 a5 25. Rdd3 O-O 26. Nd2 b4 27. Na4 Rc6 28.
axb4 axb4 29. b3 Ra8 30. c3 bxc3 31. Rxc3 Rxc3 32. Nxc3 Bd8 33. Nc4 Ra6 34. Rd3
Bc7 35. Nd5 Nxd5 36. Rxd5 Rc6 37. Kc2 g6 38. fxg6 fxg6 39. Kc3 Rc5 40. Rxc5
dxc5 41. Ne3 Kf7 42. Kc4 1-0

[Event "2017 Oceania Zone 3.6 Zonal Championshi"]
[Site "Auckland NZL"]
[Date "2017.01.15"]
[Round "3.2"]
[White "McLaren, Leonard J"]
[Black "Illingworth, Max"]
[Result "0-1"]
[WhiteElo "2254"]
[BlackElo "2481"]
[PlyCount "60"]
[EventDate "2017.01.14"]

1. e4 c5 2. c3 Nf6 3. e5 Nd5 4. d4 cxd4 5. cxd4 d6 6. Nf3 e6 7. Nc3 Nxc3 8.
bxc3 Qc7 9. Bd2 Nd7 10. exd6 Bxd6 11. Bd3 b6 12. O-O Bb7 13. c4 O-O 14. h3 e5
15. d5 f5 16. Ng5 Nc5 17. Bb4 Rae8 18. Be2 Bc8 19. Nf3 f4 20. Re1 e4 21. Nd4 f3
22. Bf1 Bh2+ 23. Kh1 fxg2+ 24. Bxg2 Nd3 25. d6 Bxd6 26. Bxd6 Qxd6 27. Nb5 Nxf2+
28. Kg1 Qg3 29. Qd5+ Be6 30. Qd4 Bxh3 0-1

[Event "2017 Oceania Zone 3.6 Zonal Championshi"]
[Site "Auckland NZL"]
[Date "2017.01.15"]
[Round "3.3"]
[White "Lane, Gary W"]
[Black "Garbett, Paul A"]
[Result "0-1"]
[WhiteElo "2404"]
[BlackElo "2229"]
[PlyCount "76"]
[EventDate "2017.01.14"]

1. e4 c5 2. Nf3 e6 3. d4 cxd4 4. Nxd4 Nf6 5. Nc3 d6 6. Bc4 Be7 7. Be3 O-O 8.
Bb3 Na6 9. f4 Nc5 10. Qf3 a6 11. O-O Qc7 12. Rae1 Nxb3 13. axb3 b5 14. e5 Bb7
15. exd6 Bxd6 16. Qh3 Rfe8 17. Rd1 Bc5 18. Kh1 Rad8 19. Nce2 Nd5 20. Bc1 Nf6
21. c3 Be4 22. Be3 Nd5 23. Bg1 Nf6 24. b4 Ba7 25. Bf2 Nd5 26. Bh4 Rd7 27. Qg3
Kf8 28. Qf2 Ne7 29. Ng3 Bg6 30. Rd2 Nc6 31. f5 Bxd4 32. cxd4 exf5 33. Nxf5 Rd5
34. Bg3 Qd7 35. Nh4 Be4 36. Nf3 f6 37. Ne5 Nxe5 38. Bxe5 Rexe5 0-1

[Event "2017 Oceania Zone 3.6 Zonal Championshi"]
[Site "Auckland NZL"]
[Date "2017.01.15"]
[Round "3.4"]
[White "Chew Lee, Max"]
[Black "Wastney, Scott"]
[Result "1/2-1/2"]
[WhiteElo "2204"]
[BlackElo "2350"]
[PlyCount "109"]
[EventDate "2017.01.14"]

1. e4 e5 2. d4 exd4 3. Qxd4 Nc6 4. Qe3 Nf6 5. Nc3 Be7 6. Be2 d5 7. exd5 Nxd5 8.
Nxd5 Qxd5 9. Bf3 Qe6 10. Ne2 Qxe3 11. Bxe3 Bd7 12. O-O-O O-O-O 13. Rhe1 a6 14.
Nc3 Bb4 15. Bd2 Rhe8 16. a3 Bc5 17. Ne4 Ba7 18. Bg5 f6 19. Be3 Bxe3+ 20. Rxe3
Ne5 21. Nc5 Nxf3 22. Rxd7 Rxe3 23. Rxd8+ Kxd8 24. fxe3 Nxh2 25. Nxb7+ Kc8 26.
Nc5 Nf1 27. e4 Ne3 28. Ne6 g5 29. e5 fxe5 30. Nxg5 h6 31. Nf7 h5 32. Nxe5 Nxg2
33. Kd2 Kb7 34. Ke2 Kb6 35. Kf2 Nf4 36. Kg3 Nd5 37. Nd3 Ne3 38. Ne1 Nc4 39. Nd3
Kb5 40. Kh4 Ne3 41. Ne1 Kc4 42. Kxh5 c5 43. Kg5 Nxc2 44. Nxc2 Kb3 45. Ne3 Kxb2
46. a4 Kb3 47. a5 Kb4 48. Kf5 Kxa5 49. Ke4 Kb4 50. Kd3 a5 51. Nd5+ Kb3 52. Nb6
a4 53. Nxa4 Kxa4 54. Kc4 Ka3 55. Kxc5 1/2-1/2

[Event "2017 Oceania Zone 3.6 Zonal Championshi"]
[Site "Auckland NZL"]
[Date "2017.01.15"]
[Round "3.6"]
[White "Wheeler, Bruce"]
[Black "Kulashko, Alexei"]
[Result "1/2-1/2"]
[WhiteElo "2120"]
[BlackElo "2344"]
[PlyCount "89"]
[EventDate "2017.01.14"]

1. e4 c5 2. Nf3 e6 3. d4 cxd4 4. Nxd4 Nf6 5. Nc3 d6 6. f4 a6 7. Be3 b5 8. a3
Bb7 9. Bd3 Nbd7 10. g4 Nc5 11. Qf3 d5 12. e5 Nfe4 13. Bxe4 Nxe4 14. Nxe4 dxe4
15. Qf2 Be7 16. O-O-O Bd5 17. f5 Qc7 18. Kb1 Qc4 19. Nb3 a5 20. Rhf1 a4 21. Rd4
Qc6 22. Nc1 Rc8 23. c3 h5 24. Rg1 hxg4 25. Rxg4 exf5 26. Rxg7 Bc5 27. Rd2 Bf8
28. Rg1 Be6 29. Bg5 Be7 30. Bf6 Bxf6 31. exf6 Qc5 32. Qg3 f4 33. Qg7 Rf8 34.
Rgd1 e3 35. Rd6 Bf5+ 36. Ka1 Qe5 37. R1d5 Qe4 38. Nd3 e2 39. Rd8+ Rxd8 40.
Rxd8+ Kxd8 41. Qxf8+ Kc7 42. Qc5+ Kd8 43. Qd6+ Kc8 44. Qc5+ Kd8 45. Qd6+
1/2-1/2

[Event "2017 Oceania Zone 3.6 Zonal Championshi"]
[Site "Auckland NZL"]
[Date "2017.01.15"]
[Round "3.7"]
[White "Mallari, Donato"]
[Black "Dale, Ari"]
[Result "0-1"]
[WhiteElo "2036"]
[BlackElo "2333"]
[PlyCount "46"]
[EventDate "2017.01.14"]

1. d4 Nf6 2. Nf3 g6 3. g3 Bg7 4. Bg2 d5 5. O-O O-O 6. Bf4 c5 7. c3 Nc6 8. Nbd2
cxd4 9. cxd4 Qb6 10. Nb3 a5 11. a4 Bf5 12. Nh4 Be6 13. h3 Rfc8 14. g4 Nb4 15.
Be5 Nc2 16. Nc5 Nxa1 17. Qxa1 Nd7 18. Nxd7 Bxd7 19. Bxg7 Kxg7 20. Bxd5 Bc6 21.
Bxc6 Rxc6 22. e3 Rc2 23. Rb1 Qf6 0-1

[Event "2017 Oceania Zone 3.6 Zonal Championshi"]
[Site "Auckland NZL"]
[Date "2017.01.15"]
[Round "3.8"]
[White "Tsai, Charles"]
[Black "Gong, Patrick"]
[Result "1/2-1/2"]
[WhiteElo "1908"]
[BlackElo "2303"]
[PlyCount "106"]
[EventDate "2017.01.14"]

1. d4 Nf6 2. c4 c5 3. d5 d6 4. Nc3 g6 5. e4 Bg7 6. f4 O-O 7. Nf3 Bg4 8. Be2 Na6
9. O-O Nd7 10. Bd2 Rb8 11. Rb1 Nc7 12. a4 a6 13. h3 Bxf3 14. Bxf3 e6 15. g4
exd5 16. cxd5 b5 17. axb5 axb5 18. b4 cxb4 19. Na2 b3 20. Qxb3 Nc5 21. Qc2 Ra8
22. Nb4 Ra4 23. Be3 Qh4 24. Bg2 Rfa8 25. e5 N7a6 26. Nxa6 Nxa6 27. Rxb5 Nb4 28.
Qb3 Qg3 29. Rxb4 Rxb4 30. Qxb4 Qxe3+ 31. Kh1 dxe5 32. fxe5 Bxe5 33. Qe1 Qd4 34.
Qf2 Qxf2 35. Rxf2 Ra1+ 36. Rf1 Ra2 37. Rd1 Bd6 38. Kg1 Kf8 39. Re1 Rd2 40. Bf3
Bc5+ 41. Kh1 Rf2 42. Bg2 h6 43. Rf1 Rd2 44. Be4 Ke7 45. Bg2 Bf2 46. Be4 Bg3 47.
Bg2 h5 48. gxh5 gxh5 49. Bf3 h4 50. Bg2 Bf2 51. Be4 Kd6 52. Bf3 Ke5 53. Rd1
Rxd1+ 1/2-1/2

[Event "2017 Oceania Zone 3.6 Zonal Championshi"]
[Site "Auckland NZL"]
[Date "2017.01.15"]
[Round "3.9"]
[White "Ker, Anthony F"]
[Black "Chan, Kris"]
[Result "1-0"]
[WhiteElo "2300"]
[BlackElo "2120"]
[PlyCount "47"]
[EventDate "2017.01.14"]

1. e4 e6 2. d4 d5 3. e5 c5 4. c3 Qb6 5. Nf3 Nc6 6. Bd3 cxd4 7. cxd4 Bd7 8. O-O
Nxd4 9. Nbd2 Bc5 10. b4 Nxf3+ 11. Nxf3 Qxb4 12. Rb1 Qa4 13. Qxa4 Bxa4 14. Rxb7
Bb6 15. Ng5 Nh6 16. Ba3 Bd8 17. Nf3 Bc6 18. Rc1 Ba4 19. Nd4 a6 20. f4 Bd7 21.
Bc2 Be7 22. Bxe7 Kxe7 23. Ba4 Rhd8 24. Rcc7 1-0

[Event "2017 Oceania Zone 3.6 Zonal Championshi"]
[Site "Auckland NZL"]
[Date "2017.01.15"]
[Round "3.10"]
[White "Choong, Yita"]
[Black "Soo-Burrowes, Eliot W"]
[Result "0-1"]
[WhiteElo "2275"]
[BlackElo "2040"]
[PlyCount "60"]
[EventDate "2017.01.14"]

1. d4 d5 2. c4 c6 3. Nf3 Nf6 4. e3 Bf5 5. Nc3 e6 6. Nh4 Bg6 7. Be2 Be7 8. Qb3
Qc7 9. Nxg6 hxg6 10. g3 Nbd7 11. Bd2 dxc4 12. Qxc4 e5 13. Bf3 Nb6 14. Qb3 exd4
15. exd4 Rd8 16. Be3 Nbd5 17. O-O O-O 18. Bg5 Rfe8 19. Rfe1 Nb6 20. Rac1 Qd7
21. Kg2 Qf5 22. Re5 Qd7 23. a4 Nbd5 24. Rce1 Nb4 25. Bg4 Qc7 26. Bf4 Nd3 27.
Be6 Nxe1+ 28. Rxe1 Bd6 29. Rc1 Bxf4 30. Nb5 Qe7 0-1

[Event "2017 Oceania Zone 3.6 Zonal Championshi"]
[Site "Auckland NZL"]
[Date "2017.01.15"]
[Round "3.11"]
[White "Russell, Paul"]
[Black "Ang, Alphaeus Wei Ern"]
[Result "0-1"]
[WhiteElo "1882"]
[BlackElo "2271"]
[PlyCount "74"]
[EventDate "2017.01.14"]

1. e4 d5 2. exd5 Qxd5 3. Nc3 Qd6 4. d4 Nf6 5. h3 Bf5 6. Nf3 c6 7. Be3 e6 8. Be2
Nbd7 9. O-O Be7 10. Nh4 Bg6 11. Bf3 Ng4 12. Bxg4 Bxh4 13. Ne2 Nb6 14. Nf4 Nd5
15. Nxg6 hxg6 16. Qe2 Bd8 17. c4 Bc7 18. f4 Nf6 19. Rad1 Ne4 20. Qf3 f5 21. d5
cxd5 22. cxd5 exd5 23. Bd4 fxg4 24. Qxg4 Kf7 25. Be5 Bb6+ 26. Kh1 Qe6 27. Qf3
Rh4 28. Rd3 Rah8 29. b4 Qf5 30. Bd4 Bxd4 31. Rxd4 Rxh3+ 32. gxh3 Rxh3+ 33. Kg2
Rxf3 34. Rxf3 Qg4+ 35. Kh2 Qxf3 36. Rxd5 Qg3+ 37. Kh1 Nf2# 0-1

[Event "2017 Oceania Zone 3.6 Zonal Championshi"]
[Site "Auckland NZL"]
[Date "2017.01.15"]
[Round "3.12"]
[White "Hague, Ben"]
[Black "Bhat, Vishal"]
[Result "1-0"]
[WhiteElo "2333"]
[BlackElo "1995"]
[PlyCount "57"]
[EventDate "2017.01.14"]

1. e4 e5 2. Nf3 Nc6 3. d4 exd4 4. Nxd4 Nf6 5. Nxc6 bxc6 6. e5 Qe7 7. Qe2 Nd5 8.
c4 Ba6 9. Nd2 g6 10. Nf3 Qb4+ 11. Kd1 Nb6 12. b3 Bg7 13. Qd2 Qxd2+ 14. Kxd2 c5
15. Bb2 Bb7 16. Kc2 O-O 17. Re1 d5 18. exd6 cxd6 19. Bxg7 Kxg7 20. Bd3 d5 21.
cxd5 Bxd5 22. Be4 Rfd8 23. Nd2 Rac8 24. Bxd5 Rxd5 25. Re4 Rcd8 26. Nf3 R8d7 27.
Rhe1 f5 28. Re7+ Kf6 29. R1e6# 1-0

[Event "2017 Oceania Zone 3.6 Zonal Championshi"]
[Site "Auckland NZL"]
[Date "2017.01.15"]
[Round "3.13"]
[White "Dive, Russell J"]
[Black "Lim, Benjamin U"]
[Result "1-0"]
[WhiteElo "2304"]
[BlackElo "1920"]
[PlyCount "117"]
[EventDate "2017.01.14"]

1. Nf3 Nf6 2. c4 e6 3. g3 d5 4. Bg2 Be7 5. O-O O-O 6. d4 c6 7. b3 Nbd7 8. e3 b6
9. Qe2 Bb7 10. Nc3 c5 11. cxd5 Nxd5 12. Nxd5 Bxd5 13. e4 Bb7 14. Rd1 cxd4 15.
Nxd4 a6 16. Bb2 Rc8 17. Bh3 Bc5 18. Nxe6 fxe6 19. Bxe6+ Kh8 20. Rxd7 Qxd7 21.
Bxd7 Rxf2 22. Bxg7+ Kxg7 23. Qg4+ Kh8 24. Bxc8 Bxe4 25. Qxe4 Rf4+ 26. Kg2 Rxe4
27. Bxa6 Rd4 28. a4 h5 29. Rf1 h4 30. Bc4 hxg3 31. hxg3 Rd2+ 32. Kf3 Kg7 33. g4
Rd4 34. Re1 Kf6 35. Re6+ Kg7 36. Re5 Rd6 37. a5 Rf6+ 38. Ke4 Bd6 39. Rg5+ Kh6
40. Rh5+ Kg6 41. axb6 Bb8 42. b7 Rb6 43. Bd5 Rb4+ 44. Kd3 Bd6 45. Rh8 Kf6 46.
Re8 Kg5 47. Rg8+ Kf6 48. Kc3 Rb5 49. g5+ Kf5 50. Bg2 Rc5+ 51. Kd4 Rb5 52. g6
Rxb3 53. g7 Kf6 54. Rd8 Be5+ 55. Kc4 Rc3+ 56. Kb4 Kxg7 57. Re8 Rc2 58. Rxe5
Rxg2 59. Rb5 1-0

[Event "2017 Oceania Zone 3.6 Zonal Championshi"]
[Site "Auckland NZL"]
[Date "2017.01.15"]
[Round "3.14"]
[White "Zhang, Leo"]
[Black "Willathgamuwa, Kevin"]
[Result "1/2-1/2"]
[WhiteElo "2099"]
[BlackElo "1966"]
[PlyCount "115"]
[EventDate "2017.01.14"]

1. d4 Nf6 2. c4 e5 3. dxe5 Ng4 4. Bf4 Nc6 5. Nf3 Bb4+ 6. Nbd2 Qe7 7. e3 Ngxe5
8. Nxe5 Nxe5 9. Be2 O-O 10. O-O d6 11. Rc1 Bxd2 12. Qxd2 a5 13. Rfd1 b6 14. b3
Bb7 15. Qc3 Nd7 16. a3 Qf6 17. Qxf6 Nxf6 18. Rd4 Nd7 19. Rdd1 Nc5 20. Rb1 Ne6
21. Bg3 Bc6 22. f3 f5 23. Bd3 g6 24. Re1 Rfe8 25. Bc2 Nc5 26. Kf2 Kg7 27. Re2
Re7 28. Bh4 Re5 29. Rbe1 Rae8 30. b4 Nb7 31. Bg3 R5e7 32. e4 fxe4 33. fxe4 b5
34. cxb5 Bxb5 35. Re3 Rf7+ 36. Rf3 Rxf3+ 37. gxf3 axb4 38. axb4 Ra8 39. Bb3 Ra3
40. Rc1 c6 41. Be6 Ra8 42. Bd7 Rd8 43. Be6 Kf6 44. Bb3 g5 45. Rc2 Ra8 46. Rd2
Ke7 47. Ra2 Rxa2+ 48. Bxa2 Kf6 49. Ke3 Ke7 50. Bb3 Nd8 51. Bg8 h6 52. Be1 Ne6
53. Bc3 Bf1 54. Bh7 Bb5 55. Be1 Bc4 56. Bg3 Nf8 57. Bf5 Be6 58. Bxe6 1/2-1/2

[Event "2017 Oceania Zone 3.6 Zonal Championshi"]
[Site "Auckland NZL"]
[Date "2017.01.15"]
[Round "3.15"]
[White "Gong, Daniel Hanwen"]
[Black "Lam, Ross"]
[Result "1-0"]
[WhiteElo "2090"]
[BlackElo "1883"]
[PlyCount "81"]
[EventDate "2017.01.14"]

1. e4 c5 2. Nf3 e6 3. d4 cxd4 4. Nxd4 a6 5. Bd3 Bc5 6. Nb3 Be7 7. c4 d6 8. Nc3
Nf6 9. O-O Qc7 10. Be3 Nbd7 11. f4 b6 12. Qf3 Bb7 13. Rae1 h5 14. h3 h4 15. Bf2
Nc5 16. Nxc5 dxc5 17. Qe3 O-O-O 18. Rd1 Bd6 19. e5 Qc6 20. Qf3 Qxf3 21. gxf3
Bc7 22. exf6 Bxf3 23. Be2 Rxd1 24. Rxd1 Bb7 25. Be3 gxf6 26. Kf2 f5 27. Bf3
Bxf3 28. Kxf3 e5 29. Nd5 Re8 30. fxe5 Bxe5 31. Nxb6+ Kb7 32. Na4 Kc6 33. Nxc5
Bxb2 34. Nxa6 Re4 35. Nb4+ Kc7 36. Nd3 Ba3 37. c5 Rc4 38. Bc1 Bxc5 39. Bf4+ Kb6
40. Nxc5 Kxc5 41. Rc1 1-0

[Event "2017 Oceania Zone 3.6 Zonal Championshi"]
[Site "Auckland NZL"]
[Date "2017.01.15"]
[Round "3.16"]
[White "Yan, Matthew"]
[Black "Duneas, John"]
[Result "1-0"]
[WhiteElo "2019"]
[BlackElo "2054"]
[PlyCount "77"]
[EventDate "2017.01.14"]

1. e4 e6 2. d3 c5 3. Nd2 d5 4. g3 Nc6 5. Ngf3 Nf6 6. Bg2 Be7 7. c3 O-O 8. O-O
b6 9. Qc2 Bb7 10. Re1 Qc7 11. Nf1 Rac8 12. Bf4 e5 13. Bg5 d4 14. Nh4 Nd7 15.
Bxe7 Nxe7 16. Bh3 Rfd8 17. Nf5 Nxf5 18. Bxf5 Qd6 19. Nd2 Rc7 20. Nc4 Qe7 21. f4
exf4 22. gxf4 Ba6 23. Qa4 Bxc4 24. Qxc4 g6 25. Bxd7 Qxd7 26. Rad1 Qg4+ 27. Kh1
Rcd7 28. Rf1 Qe2 29. f5 Qxb2 30. fxg6 hxg6 31. Rf6 Qxc3 32. Qb5 Qc2 33. Rg1 Kg7
34. Qc6 Qxd3 35. Rfxg6+ Kf8 36. R6g3 Qe2 37. Qf6 Qxe4+ 38. R1g2 Rd6 39. Rg8#
1-0

[Event "2017 Oceania Zone 3.6 Zonal Championshi"]
[Site "Auckland NZL"]
[Date "2017.01.15"]
[Round "3.17"]
[White "Parsonage, Ian P"]
[Black "Chan, Anthony"]
[Result "1-0"]
[WhiteElo "2043"]
[BlackElo "1881"]
[PlyCount "67"]
[EventDate "2017.01.14"]

1. e4 c6 2. Nc3 d5 3. Nf3 Bg4 4. h3 Bxf3 5. Qxf3 e6 6. d4 dxe4 7. Nxe4 Qxd4 8.
Bd3 Nf6 9. c3 Qd8 10. Bf4 Nxe4 11. Bxe4 f5 12. Bc2 Qf6 13. O-O-O g5 14. Qh5+
Qg6 15. Qxg6+ hxg6 16. Bxg5 Bh6 17. Bxh6 Rxh6 18. Rhe1 g5 19. Bxf5 Ke7 20. Bc2
Nd7 21. Re2 Nb6 22. Bb3 Rf8 23. f3 a5 24. a4 Rf4 25. Re5 Rf5 26. Rde1 Kd6 27.
Rxe6+ Rxe6 28. Rxe6+ Kd7 29. Re4 Nd5 30. Bxd5 cxd5 31. Rd4 Ke6 32. Kd2 Ke5 33.
h4 Rf4 34. hxg5 1-0

[Event "2017 Oceania Zone 3.6 Zonal Championshi"]
[Site "Auckland NZL"]
[Date "2017.01.15"]
[Round "3.18"]
[White "Nakauchi, Gene"]
[Black "Crowley, Regan"]
[Result "1-0"]
[WhiteElo "2238"]
[BlackElo "1761"]
[PlyCount "85"]
[EventDate "2017.01.14"]

1. d4 d5 2. c4 e6 3. Nc3 c6 4. e4 dxe4 5. Nxe4 Nf6 6. Nxf6+ Qxf6 7. Nf3 h6 8.
Bd3 Bd6 9. O-O O-O 10. Qe2 Qe7 11. c5 Bc7 12. Qe4 f5 13. Qe2 Nd7 14. Re1 b6 15.
Bc4 bxc5 16. Qxe6+ Qxe6 17. Bxe6+ Kh7 18. Bxd7 Bxd7 19. dxc5 Rae8 20. Bd2 Be6
21. Nd4 Bd5 22. Rxe8 Rxe8 23. Nxf5 Re2 24. Bc3 g5 25. Ne3 Be4 26. Rd1 Bf4 27.
Kf1 Rxe3 28. fxe3 Bxe3 29. b4 Bd5 30. Rxd5 cxd5 31. Be5 a5 32. c6 Bb6 33. b5
Kg6 34. c7 Bxc7 35. Bxc7 Kf5 36. b6 Ke4 37. b7 a4 38. b8=Q Ke3 39. Qb4 g4 40.
Be5 Kd3 41. Qd4+ Kc2 42. Qc3+ Kd1 43. Bf4 1-0

[Event "2017 Oceania Zone 3.6 Zonal Championshi"]
[Site "Auckland NZL"]
[Date "2017.01.15"]
[Round "3.19"]
[White "Rains, Timothy"]
[Black "Croad, Nicholas"]
[Result "0-1"]
[WhiteElo "1839"]
[BlackElo "2278"]
[PlyCount "74"]
[EventDate "2017.01.14"]

1. d4 Nf6 2. c4 e6 3. Nc3 Bb4 4. a3 Bxc3+ 5. bxc3 b6 6. Bg5 h6 7. Bh4 Nc6 8. f3
Qe7 9. e4 e5 10. Nh3 d6 11. Nf2 Na5 12. Bxf6 Qxf6 13. c5 O-O 14. cxd6 cxd6 15.
Be2 Be6 16. d5 Bd7 17. O-O Rac8 18. Rc1 Qg5 19. a4 Qe3 20. Bd3 Rc7 21. Re1 Qg5
22. Bb5 Qe7 23. Re2 Rfc8 24. Qc2 Bxb5 25. axb5 Qd7 26. Qd3 Rc4 27. Rb2 R8c5 28.
Qb1 Rxc3 29. Rxc3 Rxc3 30. Nd3 Qc7 31. Kf2 Qc4 32. Ne1 Qd4+ 33. Kg3 Qe3 34. Nc2
Qf4+ 35. Kf2 Nc4 36. Ra2 Rxf3+ 37. Kg1 Nd2 0-1

[Event "2017 Oceania Zone 3.6 Zonal Championshi"]
[Site "Auckland NZL"]
[Date "2017.01.15"]
[Round "3.20"]
[White "Maligin, William"]
[Black "Chan, Luis"]
[Result "0-1"]
[WhiteElo "1834"]
[BlackElo "2135"]
[PlyCount "72"]
[EventDate "2017.01.14"]

1. e4 c5 2. Nf3 Nc6 3. Bb5 d6 4. d4 cxd4 5. Nxd4 Bd7 6. O-O Qb6 7. Be3 Qc7 8.
Nc3 e6 9. Re1 Nge7 10. a3 g6 11. Qd2 Bg7 12. Ba4 a6 13. Rad1 Rd8 14. Ndb5 axb5
15. Nxb5 Qa5 16. Qxa5 Nxa5 17. Bb6 O-O 18. Bxd8 Rxd8 19. b3 Bxb5 20. Bxb5 Nac6
21. Bxc6 Nxc6 22. Re3 Bb2 23. a4 Be5 24. c4 Bd4 25. Re2 e5 26. g3 Na5 27. Rb1
Ra8 28. Rc2 Nc6 29. Ra2 Nb4 30. Rd2 Ra6 31. Rxd4 exd4 32. Rd1 Nc6 33. Kg2 Rb6
34. Rd3 Ne5 35. Rxd4 Rxb3 36. Rxd6 Nxc4 0-1

[Event "2017 Oceania Zone 3.6 Zonal Championshi"]
[Site "Auckland NZL"]
[Date "2017.01.15"]
[Round "3.21"]
[White "Lin, Kerry"]
[Black "Kethro, Michael"]
[Result "0-1"]
[WhiteElo "1828"]
[BlackElo "2091"]
[PlyCount "80"]
[EventDate "2017.01.14"]

1. c4 c6 2. Nf3 d5 3. cxd5 cxd5 4. d4 Nf6 5. Nc3 Nc6 6. Bg5 Ne4 7. Bf4 Nxc3 8.
bxc3 g6 9. e3 Bg7 10. Be2 O-O 11. O-O Na5 12. Qd2 Bf5 13. Bd3 Bxd3 14. Qxd3 Rc8
15. Rab1 b6 16. Rfc1 Nc4 17. Nd2 Qd7 18. Nxc4 Rxc4 19. f3 Rfc8 20. Rb3 e6 21.
Kf2 Bf8 22. e4 b5 23. a3 a6 24. Ke2 Qc6 25. Bd2 Ra4 26. Ra1 Be7 27. g3 Ra8 28.
Qb1 Qc4+ 29. Kf2 dxe4 30. fxe4 e5 31. Be3 f5 32. exf5 Rf8 33. Qa2 Rxf5+ 34. Kg1
Rf3 35. Bf2 exd4 36. Bxd4 Bc5 37. Bxc5 Qxc5+ 38. Kg2 Rf7 39. Rf1 Qd5+ 40. Kh3
Rxf1 0-1

[Event "2017 Oceania Zone 3.6 Zonal Championshi"]
[Site "Auckland NZL"]
[Date "2017.01.15"]
[Round "3.22"]
[White "Gold, Hamish R"]
[Black "Notley, David G"]
[Result "1-0"]
[WhiteElo "1792"]
[BlackElo "2036"]
[PlyCount "83"]
[EventDate "2017.01.14"]

1. e4 e6 2. Nc3 d5 3. e5 c5 4. f4 Nc6 5. Nf3 h5 6. d4 Nh6 7. Bb5 Nf5 8. Bxc6+
bxc6 9. Ne2 Qb6 10. c3 Ba6 11. O-O Be7 12. Re1 cxd4 13. Nexd4 Rc8 14. Kh1 Nxd4
15. cxd4 g6 16. b3 c5 17. Be3 O-O 18. f5 exf5 19. Bh6 Rfe8 20. dxc5 Bxc5 21.
Bg5 Qb5 22. Bf6 Qd3 23. Qc1 Bf8 24. Qg5 Rc6 25. Rad1 Qb5 26. Nd4 Qb6 27. Nxc6
Qxc6 28. Rc1 Qb6 29. Rc2 Bd3 30. Rc3 Ba6 31. Rec1 Qb5 32. a4 Qe2 33. R3c2 Qd3
34. Rc6 Kh7 35. Rc7 Kg8 36. h3 Qxb3 37. Rxa7 Bc4 38. e6 Rxe6 39. Ra8 Qb4 40.
Bc3 Qd6 41. Qh6 d4 42. Bxd4 1-0

[Event "2017 Oceania Zone 3.6 Zonal Championshi"]
[Site "Auckland NZL"]
[Date "2017.01.15"]
[Round "3.23"]
[White "Korenevski, Oleg"]
[Black "Rains, Edward"]
[Result "0-1"]
[WhiteElo "1782"]
[BlackElo "2017"]
[PlyCount "114"]
[EventDate "2017.01.14"]

1. d4 Nf6 2. Nf3 g6 3. c4 Bg7 4. Nc3 O-O 5. g3 d6 6. Bg2 Nc6 7. O-O a6 8. h3 e5
9. d5 Ne7 10. e4 h6 11. Be3 Nd7 12. b4 f5 13. c5 Nf6 14. cxd6 cxd6 15. exf5
Nxf5 16. Qd2 Nxe3 17. fxe3 Qb6 18. a3 Nh5 19. Kh2 a5 20. bxa5 Rxa5 21. e4 Bd7
22. Rfb1 Qa7 23. Rb3 g5 24. Rab1 b5 25. Nxb5 Bxb5 26. Rxb5 Rxa3 27. R5b3 Ra4
28. Rb4 Rc8 29. Qe2 Nf6 30. Rxa4 Qxa4 31. Nd2 Rc2 32. Qd3 Qa2 33. Rd1 h5 34.
Kg1 g4 35. Kf1 Bh6 36. Ke1 gxh3 37. Bxh3 Rxd2 38. Rxd2 Qxd2+ 39. Qxd2 Bxd2+ 40.
Kxd2 Nxe4+ 41. Ke3 Nf6 42. Be6+ Kf8 43. Kf3 Ke7 44. Ke3 Kd8 45. Kd3 Kc7 46. Bf7
Kb6 47. Kc4 Ka5 48. Bg6 Ka4 49. Bc2+ Ka3 50. Bd1 Kb2 51. Kb5 Kc1 52. Bf3 e4 53.
Bg2 e3 54. Bf3 Kd2 55. Kc6 e2 56. Bxe2 Kxe2 57. Kxd6 Nxd5 0-1

[Event "2017 Oceania Zone 3.6 Zonal Championshi"]
[Site "Auckland NZL"]
[Date "2017.01.15"]
[Round "3.24"]
[White "James, Jack"]
[Black "Zhao, Isaac"]
[Result "1/2-1/2"]
[WhiteElo "2012"]
[BlackElo "1838"]
[PlyCount "27"]
[EventDate "2017.01.14"]

1. e4 c6 2. d3 d5 3. Nd2 e5 4. Ngf3 Bd6 5. d4 exd4 6. exd5 c5 7. Bb5+ Bd7 8.
Qe2+ Ne7 9. Ne4 Qc7 10. Bg5 Bxb5 11. Qxb5+ Nd7 12. O-O-O f6 13. Bd2 O-O-O 14.
c4 1/2-1/2

[Event "2017 Oceania Zone 3.6 Zonal Championshi"]
[Site "Auckland NZL"]
[Date "2017.01.15"]
[Round "3.25"]
[White "Nagorski, Alex"]
[Black "Perera, Pasan"]
[Result "0-1"]
[WhiteElo "1771"]
[BlackElo "2004"]
[PlyCount "96"]
[EventDate "2017.01.14"]

1. e4 d6 2. d4 Nf6 3. Nc3 c6 4. Nf3 Bg4 5. a4 e6 6. Be2 Be7 7. O-O d5 8. exd5
exd5 9. Re1 O-O 10. Ne5 Bxe2 11. Qxe2 Bb4 12. Bg5 h6 13. Nd3 hxg5 14. Nxb4 Qb6
15. Nd3 Qxd4 16. Qe3 Qxe3 17. fxe3 Re8 18. Nf2 Nbd7 19. b4 Nb6 20. e4 d4 21.
Ne2 Rad8 22. Rad1 Nxe4 23. Rxd4 Nxf2 24. Rxd8 Rxd8 25. Kxf2 Nxa4 26. c4 Nb2 27.
Ra1 a6 28. b5 axb5 29. cxb5 c5 30. Ra7 b6 31. Rb7 Nc4 32. Ng3 Rd2+ 33. Kf3 g4+
34. Kxg4 Rxg2 35. h4 g6 36. Kh3 Rb2 37. Kg4 Rxb5 38. Kg5 Nd6 39. Rd7 c4+ 40.
Kh6 Ne8 41. h5 gxh5 42. Ne4 Re5 43. Ng5 c3 44. Rd8 Kf8 45. Rd7 Rxg5 46. Rd3 Rc5
47. Rg3 c2 48. Rg8+ Ke7 0-1

[Event "2017 Oceania Zone 3.6 Zonal Championshi"]
[Site "Auckland NZL"]
[Date "2017.01.15"]
[Round "3.26"]
[White "Ng, Clive"]
[Black "Eade, Don"]
[Result "1-0"]
[WhiteElo "1997"]
[BlackElo "1831"]
[PlyCount "65"]
[EventDate "2017.01.14"]

1. e4 c5 2. Nf3 Nc6 3. Bb5 d6 4. O-O Nf6 5. Re1 Bd7 6. c3 a6 7. Bf1 Bg4 8. d4
Bxf3 9. gxf3 g6 10. d5 Ne5 11. f4 Ned7 12. e5 dxe5 13. fxe5 Nh5 14. Bg5 Nxe5
15. Rxe5 f6 16. Re3 fxg5 17. d6 Nf4 18. Na3 Kf7 19. Qb3+ Kf6 20. dxe7 Bxe7 21.
Qxb7 Re8 22. Nc4 Qd5 23. Qb6+ Kg7 24. Qc7 Kf8 25. Nb6 Qf7 26. Nxa8 Rxa8 27. Qe5
Qf6 28. Rd1 g4 29. Qxf6+ Bxf6 30. Rd7 Rb8 31. Bc4 g5 32. Rf7+ Kg8 33. Rb7+ 1-0

[Event "2017 Oceania Zone 3.6 Zonal Championshi"]
[Site "Auckland NZL"]
[Date "2017.01.15"]
[Round "3.27"]
[White "Huang, Alex"]
[Black "Willathgamuwa, Rowan"]
[Result "1-0"]
[WhiteElo "1993"]
[BlackElo "1806"]
[PlyCount "69"]
[EventDate "2017.01.14"]

1. d4 d5 2. c4 c6 3. Nf3 Nf6 4. Qc2 g6 5. Bf4 Bg7 6. e3 O-O 7. Bd3 Na6 8. a3
Qa5+ 9. Qd2 Qxd2+ 10. Nbxd2 Bf5 11. Bxf5 gxf5 12. b4 Rac8 13. Ke2 Ne4 14. Rac1
Nxd2 15. Nxd2 dxc4 16. Nxc4 Nc7 17. Na5 Ne6 18. Nxb7 Nxf4+ 19. exf4 Bxd4 20.
Rc4 Bb2 21. a4 e5 22. Rb1 Bd4 23. Nd6 Rcd8 24. Nxf5 Bb6 25. a5 Bc7 26. Rxc6 Bb8
27. fxe5 Bxe5 28. Rb3 Rd7 29. b5 Rfd8 30. g3 Rd2+ 31. Kf3 h5 32. b6 axb6 33.
axb6 Rb2 34. Rxb2 Bxb2 35. b7 1-0